<?xml version="1.0" encoding="UTF-8"?>
<marc:record xmlns:marc="http://www.loc.gov/MARC21/slim">
   <marc:leader>00000nam a2200000 a 4500</marc:leader>
   <marc:datafield ind1="1" ind2=" " tag="100">
      <marc:subfield code="a">Hunter, Erin</marc:subfield>
      <marc:subfield code="4">aut</marc:subfield>
      <marc:subfield code="e">Verfasser/-in</marc:subfield>
   </marc:datafield>
   <marc:datafield ind1=" " ind2=" " tag="653">
      <marc:subfield code="a">Antolin</marc:subfield>
   </marc:datafield>
   <marc:datafield ind1=" " ind2=" " tag="653">
      <marc:subfield code="a">Klasse-6</marc:subfield>
   </marc:datafield>
   <marc:datafield ind1="0" ind2="0" tag="245">
      <marc:subfield code="a">Warrior Cats Special Adventure</marc:subfield>
   </marc:datafield>
   <marc:datafield ind1="0" ind2="0" tag="245">
      <marc:subfield code="b">Riesensterns Rache</marc:subfield>
   </marc:datafield>
   <marc:datafield ind1=" " ind2="1" tag="264">
      <marc:subfield code="b">Beltz &amp; Gelberg</marc:subfield>
      <marc:subfield code="c">2016</marc:subfield>
   </marc:datafield>
   <marc:datafield ind1="1" ind2=" " tag="490">
      <marc:subfield code="a">Warrior Cats Special Adventure</marc:subfield>
   </marc:datafield>
   <marc:datafield ind1="1" ind2=" " tag="520">
      <marc:subfield code="a">Riesenpfote ist ein treuer WindClan-Schüler und kann es kaum erwarten, seinen Clan zu beschützen. Als sein Vater durch ein tragisches Unglück ums Leben kommt, schwört der junge Kater Rache und trifft wohl die schwerste Entscheidung seines Lebens.  Der mittlerweile zum Krieger ernannte Riesenschweif leidet stark unter dem Verlust seines Vaters. Alles, an was er glaubte, spielt keine Rolle mehr. Alles, was zählt, ist seinen Vater zu rächen. So fasst Riesenschweif den folgenschweren Entschluss, sich gegen seinen Clan zu stellen: Er verlässt seine Gefährten und macht sich auf die Suche nach der Katze, die seinen Vater getötet haben soll. Doch ohne den Schutz seines Clans ist die Reise gefährlich und Riesenschweif muss entscheiden, welchen Preis er bereit ist zu zahlen, um seinen Racheplan zu vollenden.</marc:subfield>
   </marc:datafield>
   <marc:datafield ind1=" " ind2=" " tag="020">
      <marc:subfield code="a">9783407821744</marc:subfield>
      <marc:subfield code="9">9783407821744</marc:subfield>
   </marc:datafield>
</marc:record>
